000 00686nam a22002057a 4500
005 20251108165833.0
008 250721s1999 xx 000 0 ara d
082 1 4 _aط/923.9/فيا
100 1 _aفياض، سليمان
245 1 0 _aياقوت الحموي : أبو الموسوعات الجغرافية :
_bأبو الموسوعات الجغرافية /
264 1 _aالقاهرة :
_bمركز الأهرام،
_c1999.
300 _a51ص.
490 0 _aعلماء العرب
_v33
650 1 7 _aالتراجم
650 1 7 _aالجغرافيون
653 _aناشئون صغار (10-14 سنة)
653 _aياقوت الحموي
942 _2ddc
_cBK
999 _c32540
_d32540